| 000 | 00000nam##2200000za#4500 |
| 001 | 9.686803 |
| 003 | CaOODSP |
| 005 | 20210624230709 |
| 007 | cr ||||||||||| |
| 008 | 150407|2003||||xxc|||||o f|0| 0 eng|d |
| 040 | |aCaOODSP|beng |
| 043 | |an-cn--- |
| 086 | 1 |aSC94-103/2003E-IN |
| 110 | 1 |aCanada.|bCanadian Centre for Management Development. |
| 245 | 10|aMaking transitions work : |h[electronic resource]|bintegrating external executives into the Federal Public Service / |cArthur Kroeger and Jeff Heynen |
| 260 | |aOttawa - Ontario : |bCanadian Centre for Management Development |c2003. |
| 300 | |a34p. |
| 500 | |aThe catalogue number and the ISBN for the print edition have been incorrectly printed in this electronic edition. |
| 504 | |aBibliography. |
| 520 | 3 |aThis report looks at the benefits and costs of bringing private-sector executives into senior levels of the public service, focusing on the importance of effective transitions. It identifies the challenges facing external executives entering the unfamiliar culture of the federal government, and explains the differences between the public and private sectors, as well as between the federal and provincial levels of government. The authors make recommendations to improve the integration process, from selection to continuing support. |
| 546 | |aText in English. |
| 590 | |a04-01|b2004-01-02 |
| 690 | 07|aExecutives|2gcpds |
| 690 | 07|aPersonnel management|2gcpds |
| 690 | 07|aPublic service|2gcpds |
| 690 | 07|aRecruiting|2gcpds |
| 720 | 1 |aKroeger, Arthur |
| 720 | 1 |aHeynen, Jeff |
| 775 | 08|tDes transitions réussies : |w(CaOODSP)9.631266 |
| 776 | 0#|tMaking transitions work : |w(CaOODSP)9.665059 |
| 776 | 0#|tDes transitions réussies : |w(CaOODSP)9.665060 |
| 856 | 40|ahttp://publications.gc.ca|qPDF|s409 Ko|uhttps://publications.gc.ca/collections/Collection/SC94-103-2003E.pdf |